Machiavellianism and job satisfaction among engineers /
Saved in:
| Main Author: | |
|---|---|
| Format: | Thesis Book |
| Language: | English |
| Published: |
1993.
|
| Subjects: | |
| Tags: |
Add Tag
No Tags, Be the first to tag this record!
|
| LEADER | 01234cam a2200301 a 4500 | ||
|---|---|---|---|
| 001 | u330194 | ||
| 003 | SIRSI | ||
| 008 | 930811s1993 my t 00 eng m | ||
| 035 | |a ABP-3419 | ||
| 040 | |a UMM |d UME | ||
| 043 | |a a-my--- | ||
| 090 | |a HF5549.5 |b J63Tan | ||
| 091 | |a Microfiche 13236. | ||
| 099 | |a 658.314 22 |b Tan | ||
| 100 | 1 | 0 | |a Tan, Whai Kee. |
| 245 | 1 | 0 | |a Machiavellianism and job satisfaction among engineers / |c by Tan Whai Kee. |
| 260 | |c 1993. | ||
| 300 | |a v, 77 leaves ; |c 29 cm. | ||
| 500 | |a Microfiche. Kuala Lumpur : University of Malaya Library, 1997. 1 fiche : negative ; 11 x 15 cm. | ||
| 502 | |a Dissertation (M.B.A.) -- Fakulti Ekonomi dan Pentadbiran, Universiti Malaya, 1993. | ||
| 650 | 0 | |a Machiavellianism (Psychology). | |
| 650 | 0 | |a Job satisfaction |z Malaysia. | |
| 650 | 0 | |a Engineers |z Malaysia |x Attitudes. | |
| 948 | |a 11/08/1993 |b 25/11/2000 | ||
| 596 | |a 1 9 | ||
| 999 | |a HF5549.5 J63TAN |w LC |c 1 |i A504454246 |d 26/6/2013 |e 26/6/2013 |l B_KOM4 |m P01UTAMA |n 3 |r Y |s Y |t TESIS |u 11/8/1993 |o .PUBLIC. bkom 4 : 30448 | ||
| 999 | |a HF5549.5 J63TAN |w LC |c 2 |i A504454255 |d 22/1/2002 |l STACKS |m P01UTAMA |n 13 |r Y |s Y |t TESIS |u 11/8/1993 | ||
| 999 | |a TESIS 658.314 22 TAN |w LC |c 1 |i A506301022 |l DISCARD |m P09EKONOMI |r Y |s Y |t TESIS |u 13/10/1997 | ||
